| 000 | 01709nam a22002537a 4500 | ||
|---|---|---|---|
| 005 | 20100508123557.0 | ||
| 008 | 100508t xxu||||| |||| 00| 0 hin d | ||
| 020 |
_a9788183481588 _c425.00 |
||
| 035 | _aB-406502 | ||
| 037 | _bDBAD/VEN/सुरेन्द्र कुमार एंड संस | ||
| 040 |
_aDPL _bHN |
||
| 082 | _a000 | ||
| 245 |
_aसी डी एस परीक्षा _bसम्मिलित रक्षा सेवा / |
||
| 260 |
_aमेरठ _bअरिहन्त पब्लिकेशन्स _c2009 |
||
| 270 |
_aकालिन्दी, ट्रांसपोर्ट,नगर _bमेरठ _k0121-2401479 _l0121- 2401648 _minfo@arihantbooks.com |
||
| 300 |
_aवि.पृ _c24सेमी (अजिल्द) |
||
| 490 | _aCDSE Study Skills | ||
| 500 | _aडी.वी.ए.डी में प्राप्त पुस्तकें वी.पी.पी.डी.में उपहार स्वरूप दी गई | ||
| 500 | _a(संघ लोक सेवा आयोग द्वारा आयोजित) | ||
| 942 |
_2ddc _cHN _mसीडीए _h000 |
||
| 999 |
_c36006 _d36006 |
||